| 000 | 00535nam a22001697a 4500 | ||
|---|---|---|---|
| 008 | 230515b |||||||| |||| 00| 0 eng d | ||
| 040 |
_aNational Science Library _cNational Science Library |
||
| 080 |
_aR 030.8 _bK5 |
||
| 245 |
_aConcise oxford oxford dictionary of current English _c/ Oxford at the Clarendon Press |
||
| 250 | _a5th ed. | ||
| 260 |
_aOxford: _bOxford at the Clarendon Press, _c1964 |
||
| 300 | _axvi, 1558p. | ||
| 650 | _aDictionary | ||
| 653 | _aEnglish | ||
| 700 | _aFowler, H W (Ed.) | ||
| 942 |
_2udc _cREF |
||
| 999 |
_c55888 _d55888 |
||